[Event "Festival INPS"]
[Site "Roma ITA"]
[Date "1998.??.??"]
[Round "4"]
[White "Scacco, Mauro"]
[Black "Pienabarca, Nicola"]
[Result "0-1"]
[WhiteElo "2050"]
[BlackElo "2060"]
[PlyCount "132"]
[EventDate "1998.??.??"]

1. e4 e6 2. d4 d5 3. Nc3 Nf6 4. Bg5 Bb4 5. exd5 Qxd5 6. Bxf6 gxf6 7. Qd2 Bxc3
8. Qxc3 Qe4+ 9. Ne2 Nc6 10. O-O-O Bd7 11. f3 Qg6 12. g3 O-O-O 13. Kb1 Ne7 14.
Nf4 Nd5 15. Nxd5 exd5 16. Qa5 Bf5 17. Bd3 a6 18. g4 Bxd3 19. Rxd3 h5 20. Rc3 c6
21. Qb6 Rd7 22. Re1 hxg4 23. Rce3 Rhd8 24. b4 f5 25. Re8 Qd6 26. f4 Qc7 27.
Qxc7+ Kxc7 28. R8e5 Rh8 29. R1e2 Rh5 30. Rg2 f6 31. Re8 Rdh7 32. Rf8 Rxh2 33.
Rxh2 Rxh2 34. Rxf6 g3 35. Rg6 g2 36. Kb2 Kb6 37. a4 Rh4 38. Rxg2 Rxf4 39. c3
Rg4 40. Rf2 f4 41. a5+ Kc7 42. Kc2 Kd7 43. Kd2 Ke6 44. Rh2 Rg7 45. Ke2 Kf5 46.
Rh5+ Kg4 47. Rh8 Kg3 48. Rf8 Re7+ 49. Kf1 Rh7 50. Ke2 Rh2+ 51. Kd3 f3 52. Rg8+
Kf2 53. Rg7 Ke1 54. Rg1+ Kf2 55. Rg7 Rh4 56. Rxb7 Ke1 57. Re7+ Re4 58. Rh7 f2
59. Rh1+ f1=Q+ 60. Rxf1+ Kxf1 61. c4 Kf2 62. b5 cxb5 63. cxd5 Re8 64. d6 Kf3
65. d5 b4 66. Kd4 b3 0-1

[Event "Festival INPS"]
[Site "Roma ITA"]
[Date "1998.??.??"]
[Round "4"]
[White "Sibilio, Mario"]
[Black "Satta, Vladimiro"]
[Result "1-0"]
[WhiteElo "2330"]
[BlackElo "2230"]
[PlyCount "81"]
[EventDate "1998.??.??"]

1. d4 d6 2. e4 Nf6 3. Nc3 g6 4. h3 c6 5. Be3 Bg7 6. g4 Qa5 7. Qd2 b5 8. g5 b4
9. gxf6 bxc3 10. fxg7 cxd2+ 11. Bxd2 Qxd2+ 12. Kxd2 Rg8 13. f4 Nd7 14. e5 Rxg7
15. exd6 exd6 16. Bg2 Bb7 17. Re1+ Kd8 18. Ne2 f5 19. d5 c5 20. Nc3 a6 21. Bf3
Kc7 22. h4 Nf6 23. a3 Re8 24. Rxe8 Nxe8 25. Ne2 Nf6 26. c4 Bc8 27. b4 Bd7 28.
Rb1 Be8 29. bxc5 dxc5 30. Nc1 Nd7 31. Nb3 Re7 32. Na5 Rf7 33. Re1 Rf8 34. Re6
Nb8 35. Nb3 Bd7 36. Nxc5 Bc8 37. Kc3 Rh8 38. Re2 h6 39. Nd3 Rg8 40. Rg2 a5 41.
c5 1-0

[Event "Festival INPS"]
[Site "Roma ITA"]
[Date "1998.??.??"]
[Round "4"]
[White "Tosoni, Augusto"]
[Black "Di Lazzaro, Gabriele"]
[Result "1-0"]
[WhiteElo "1948"]
[BlackElo "2030"]
[PlyCount "97"]
[EventDate "1998.??.??"]

1. e4 g6 2. Nc3 Bg7 3. Bc4 d6 4. Bb3 Nc6 5. Nge2 Nf6 6. O-O O-O 7. d4 Na5 8. f3
Nxb3 9. axb3 a6 10. Be3 e5 11. Qd2 Re8 12. d5 Qe7 13. Bg5 Qf8 14. Nb5 Qe7 15.
Qa5 b6 16. Qd2 Bb7 17. Na3 Qf8 18. c4 Nd7 19. Be3 f5 20. b4 f4 21. Bf2 Nf6 22.
Rfc1 g5 23. c5 bxc5 24. bxc5 Re7 25. Nc4 Rf7 26. cxd6 cxd6 27. Qb4 Rd8 28. Na5
Bc8 29. Rc3 g4 30. Rac1 gxf3 31. gxf3 Ne8 32. Rxc8 Bf6 33. Rxd8 Bxd8 34. Nc6
Bc7 35. Kh1 Qh6 36. Rg1+ Kh8 37. Rg2 Qh3 38. Ng1 Qh5 39. Qa4 a5 40. Nxe5 Rg7
41. Rxg7 Kxg7 42. Ng4 Qf7 43. Qd4+ Kg6 44. Bh4 h5 45. Nf2 Qd7 46. Nfh3 Qb5 47.
Nxf4+ Kf7 48. Ne6 Bb6 49. Qh8 1-0

[Event "Festival INPS"]
[Site "Roma ITA"]
[Date "1998.??.??"]
[Round "4"]
[White "Trebeschi, Andrea"]
[Black "Simeoni, Matteo"]
[Result "1/2-1/2"]
[WhiteElo "1759"]
[BlackElo "2035"]
[PlyCount "147"]
[EventDate "1998.??.??"]

1. e4 c5 2. Nf3 d6 3. d4 cxd4 4. Nxd4 Nf6 5. Nc3 a6 6. Be2 e5 7. Nb3 Be7 8. O-O
O-O 9. Be3 Be6 10. Qd2 Nbd7 11. f4 exf4 12. Bxf4 Rc8 13. Rad1 Ne5 14. Kh1 Qc7
15. Nd4 Rfd8 16. Nf5 Bxf5 17. exf5 Nc4 18. Bxc4 Qxc4 19. Qd4 d5 20. Rfe1 Qxd4
21. Rxd4 Bc5 22. Rdd1 Bb4 23. Be5 Bxc3 24. Bxc3 Ne4 25. Ba5 Re8 26. Rc1 Re5 27.
Rf1 Nd6 28. Bc3 Rxf5 29. Rxf5 Nxf5 30. Rd1 d4 31. Bxd4 Rxc2 32. Bc3 h6 33. g4
Ne3 34. Rd8+ Kh7 35. h3 Nf1 36. Kg1 Ng3 37. Rd2 Rc1+ 38. Kg2 Ne4 39. Rd7 Nxc3
40. bxc3 Rxc3 41. Rxb7 Rc2+ 42. Kg3 Rxa2 43. Rxf7 Ra3+ 44. Kh4 a5 45. Ra7 a4
46. g5 hxg5+ 47. Kxg5 Rxh3 48. Rxa4 Rg3+ 49. Kh4 Rg1 50. Kh3 Kh6 51. Ra6+ g6
52. Kh4 Rh1+ 53. Kg4 Rb1 54. Rc6 Rb4+ 55. Kg3 Rb5 56. Ra6 Kh5 57. Ra8 Rb3+ 58.
Kg2 g5 59. Rh8+ Kg4 60. Rg8 Rb5 61. Kh2 Rf5 62. Kg2 Ra5 63. Kh2 Kf4 64. Rf8+
Rf5 65. Rxf5+ Kxf5 66. Kg3 g4 67. Kf2 Kg6 68. Kg2 Kg5 69. Kg3 Kh5 70. Kh2 Kh4
71. Kg2 g3 72. Kg1 Kg5 73. Kg2 Kh4 74. Kg1 1/2-1/2

[Event "Festival INPS"]
[Site "Roma ITA"]
[Date "1998.??.??"]
[Round "4"]
[White "Vignato, Giovanni"]
[Black "Iacoacci, Giancarlo"]
[Result "0-1"]
[WhiteElo "2150"]
[BlackElo "1549"]
[PlyCount "65"]
[EventDate "1998.??.??"]

1. c4 Nf6 2. Nc3 g6 3. e4 d6 4. g3 Bg7 5. Bg2 Nbd7 6. Nge2 O-O 7. O-O c6 8. b4
Ne5 9. d3 Rb8 10. f4 Ned7 11. a4 Qb6+ 12. d4 Qxb4 13. Qd3 Qb6 14. Be3 Qc7 15.
d5 a6 16. dxc6 bxc6 17. c5 Ne8 18. Rac1 Nxc5 19. Bxc5 dxc5 20. e5 Bh6 21. Qc4
Ng7 22. Qxc5 Qb6 23. Qxb6 Rxb6 24. Rb1 Rxb1 25. Rxb1 Bd7 26. Rb7 Rd8 27. Ra7
Ne6 28. Rxa6 c5 29. a5 Nd4 30. Ra7 Bf8 31. a6 Bc6 32. Nxd4 Bxg2 33. Ne6 0-1

[Event "Festival INPS"]
[Site "Roma ITA"]
[Date "1998.??.??"]
[Round "5"]
[White "Corvi, Marco"]
[Black "Scacco, Mauro"]
[Result "1-0"]
[WhiteElo "2320"]
[BlackElo "2050"]
[PlyCount "112"]
[EventDate "1998.??.??"]

1. c4 e5 2. Nc3 d6 3. Nf3 f5 4. d4 e4 5. Bg5 Be7 6. Bxe7 Nxe7 7. Ng1 Nd7 8. e3
Nf6 9. h4 Be6 10. Nh3 Bf7 11. Nf4 O-O 12. Be2 c6 13. g4 fxg4 14. Bxg4 Qb6 15.
b3 Qa5 16. Rc1 b5 17. cxb5 Ned5 18. Nfxd5 Nxd5 19. Qd2 Nb4 20. Be2 Bh5 21. a3
Qxa3 22. Nxe4 Bxe2 23. Kxe2 Qxb3 24. bxc6 Nxc6 25. Qd3 Qf7 26. f4 Nb4 27. Qc4
d5 28. Nf6+ Qxf6 29. Qxb4 Rab8 30. Qd2 Rfe8 31. Kf2 a5 32. Qe2 Rb3 33. Rh3
Qxf4+ 34. exf4 Rxe2+ 35. Kxe2 Rxh3 36. Rc5 Rxh4 37. Kf3 Rh6 38. Rxa5 Rd6 39.
Ra7 h6 40. f5 Kh7 41. Kf4 h5 42. Kg5 h4 43. Ra3 Rh6 44. Rh3 Kg8 45. Kf4 Kf7 46.
Ke5 Rh5 47. Kxd5 Rxf5+ 48. Kc6 g5 49. d5 Kg6 50. Re3 g4 51. d6 Rf7 52. Re5 h3
53. d7 Rxd7 54. Re6+ Kf5 55. Rd6 Rxd6+ 56. Kxd6 h2 1-0

[Event "Festival INPS"]
[Site "Roma ITA"]
[Date "1998.??.??"]
[Round "5"]
[White "De Vita, Igor"]
[Black "Sibilio, Mario"]
[Result "1/2-1/2"]
[WhiteElo "2125"]
[BlackElo "2330"]
[PlyCount "30"]
[EventDate "1998.??.??"]

1. Nf3 Nf6 2. c4 g6 3. g3 Bg7 4. Bg2 O-O 5. O-O c6 6. d4 d6 7. Nc3 Qa5 8. e4
Bg4 9. h3 Bxf3 10. Bxf3 e5 11. d5 cxd5 12. Nxd5 Nxd5 13. Qxd5 Nc6 14. Qxa5 Nxa5
15. Be2 Nc6 1/2-1/2

[Event "Festival INPS"]
[Site "Roma ITA"]
[Date "1998.??.??"]
[Round "5"]
[White "Di Lazzaro, Gabriele"]
[Black "De Blasio, Alessandro"]
[Result "0-1"]
[WhiteElo "2030"]
[BlackElo "1714"]
[PlyCount "80"]
[EventDate "1998.??.??"]

1. e4 c5 2. c3 d5 3. exd5 Qxd5 4. d4 Nf6 5. Nf3 Bg4 6. Be2 e6 7. O-O Nc6 8. h3
Bh5 9. Be3 cxd4 10. cxd4 Bb4 11. Nc3 Qd7 12. Qb3 Qe7 13. d5 exd5 14. Nxd5 Nxd5
15. Qxd5 Bxf3 16. Bxf3 Rd8 17. Qb5 O-O 18. Bxc6 bxc6 19. Qxc6 Rd6 20. Qa4 Rg6
21. Qxa7 Qe4 22. g3 Qf3 23. Kh2 Bd6 24. Rg1 h5 25. Qd4 Re8 26. Rae1 Re4 27. Qd1
Qf5 28. f4 h4 29. g4 Rxe3 30. Qxd6 Qc2+ 31. Rg2 Qxg2+ 32. Kxg2 Rg3+ 33. Kh2
Rxd6 34. Re2 Rdd3 35. b4 Rxh3+ 36. Kg2 Rdg3+ 37. Kf2 Rh2+ 38. Ke1 Rxe2+ 39.
Kxe2 Rg2+ 40. Kf3 Rxa2 0-1

[Event "Festival INPS"]
[Site "Roma ITA"]
[Date "1998.??.??"]
[Round "5"]
[White "Gardon, Ermanno"]
[Black "Bellincampi, Stefano"]
[Result "0-1"]
[WhiteElo "1818"]
[BlackElo "2065"]
[PlyCount "96"]
[EventDate "1998.??.??"]

1. e4 c6 2. d4 d5 3. e5 Bf5 4. Nf3 e6 5. Be2 Nd7 6. O-O h6 7. Be3 Ne7 8. Nh4
Bh7 9. f4 Rc8 10. Nd2 c5 11. c3 cxd4 12. cxd4 Nc6 13. g3 Qb6 14. Nb3 Be7 15. f5
Ncxe5 16. fxe6 fxe6 17. Bh5+ Kd8 18. Nf3 Nc4 19. Bf2 Nxb2 20. Qe2 Nd3 21. Rfb1
Qa6 22. Be3 Nb4 23. Qxa6 bxa6 24. Rc1 Nc2 25. Na5 Ba3 26. Bf4 Ke7 27. Rab1 Nb4
28. Re1 Nd3 29. Rxe6+ Kxe6 30. Bg4+ Ke7 31. Rb7 Nxf4 32. Rxd7+ Kf6 33. gxf4
Rhe8 34. Nb7 Re7 35. Rxe7 Rc1+ 36. Re1 Rc2 37. Re6+ Kf7 38. Nd8+ Kf8 39. Ne5
Rc1+ 40. Kg2 Be4+ 41. Kh3 Rc3+ 42. Kh4 Be7+ 43. Kh5 Bxd8 44. Rxa6 Rc7 45. Nc6
Bf6 46. Nd8 Bxd8 47. f5 Bf6 48. Kg6 Bxd4 0-1

[Event "Festival INPS"]
[Site "Roma ITA"]
[Date "1998.??.??"]
[Round "5"]
[White "Lantini, Marco"]
[Black "Tosoni, Augusto"]
[Result "1/2-1/2"]
[WhiteElo "2180"]
[BlackElo "1948"]
[PlyCount "125"]
[EventDate "1998.??.??"]

1. e4 e5 2. Nf3 Nc6 3. d4 exd4 4. Nxd4 Nf6 5. Nxc6 bxc6 6. e5 Qe7 7. Qe2 Nd5 8.
c4 Ba6 9. g3 f6 10. e6 dxe6 11. Bg2 Kf7 12. O-O Rd8 13. b3 c5 14. Bb2 g6 15.
Nd2 Bg7 16. Ne4 Nb6 17. Ba3 Nd7 18. Rae1 Rhe8 19. Qd2 Bb7 20. Qa5 Bxe4 21. Bxe4
Qd6 22. Rd1 Qb6 23. Qd2 f5 24. Bg2 Bd4 25. Qh6 Nf6 26. h3 Qd6 27. Kh1 Qf8 28.
Qh4 h6 29. Qf4 e5 30. Qd2 Qd6 31. Bc1 Qe6 32. Qa5 Ne4 33. Be3 Rd7 34. Bxd4 exd4
35. Qxa7 g5 36. Kh2 h5 37. Bxe4 Qxe4 38. Qxc5 Re5 39. Qb4 Qf3 40. Qd2 Re2 41.
Qd3 Qxd3 42. Rxd3 Rxa2 43. Kg2 Rb2 44. c5 Ke6 45. Rc1 c6 46. Rc4 Ke5 47. Kf1 f4
48. gxf4+ gxf4 49. f3 Ra7 50. Rcxd4 Ra1+ 51. Rd1 Rxd1+ 52. Rxd1 Rxb3 53. Rd6
Rxf3+ 54. Kg2 Rg3+ 55. Kf2 Rxh3 56. Rxc6 Ke4 57. Re6+ Kd5 58. Rf6 Ke5 59. Rh6
Kf5 60. c6 Kg5 61. Rh8 Rc3 62. Rg8+ Kh4 63. Rf8 1/2-1/2

[Event "Festival INPS"]
[Site "Roma ITA"]
[Date "1998.??.??"]
[Round "5"]
[White "Mogranzini, Roberto"]
[Black "De Vita, Gianni"]
[Result "0-1"]
[WhiteElo "1870"]
[BlackElo "2160"]
[PlyCount "58"]
[EventDate "1998.??.??"]

1. d4 Nf6 2. c4 c5 3. d5 e6 4. Nc3 exd5 5. cxd5 d6 6. e4 g6 7. Bd3 Bg7 8. Nf3
O-O 9. Nd2 a6 10. a4 b6 11. O-O Nh5 12. Nc4 Re8 13. Be3 Ra7 14. Qd2 Rb7 15. Bg5
Bf6 16. Bxf6 Qxf6 17. e5 dxe5 18. Ne4 Qd8 19. Ncd6 f5 20. Nxe8 fxe4 21. Bxe4
Qxe8 22. Qg5 Qe7 23. Qh6 Rd7 24. Rad1 Rd6 25. Rfe1 Nd7 26. g4 Nf4 27. Bc2 g5
28. Rxe5 Nxe5 29. Bxh7+ Kf7 0-1

[Event "Festival INPS"]
[Site "Roma ITA"]
[Date "1998.??.??"]
[Round "5"]
[White "Montecchi, Ugo"]
[Black "Rossetti, Mauro"]
[Result "1-0"]
[WhiteElo "1971"]
[BlackElo "1912"]
[PlyCount "53"]
[EventDate "1998.??.??"]

1. e4 e6 2. b3 d5 3. Bb2 Nf6 4. exd5 exd5 5. Nf3 Bg4 6. Be2 Nbd7 7. O-O Bd6 8.
Nd4 h5 9. h3 Ne4 10. Bxg4 hxg4 11. Qxg4 Ndf6 12. Qe2 Qd7 13. f3 O-O-O 14. fxe4
Nxe4 15. Qf3 Ng3 16. Rf2 Ne4 17. Rf1 Be5 18. Qf5 Qxf5 19. Rxf5 f6 20. c3 Rde8
21. Ne2 g6 22. Rf3 g5 23. d3 g4 24. hxg4 Ng5 25. Nd2 Nxf3+ 26. Nxf3 Rh4 27.
Nxh4 1-0

[Event "Festival INPS"]
[Site "Roma ITA"]
[Date "1998.??.??"]
[Round "5"]
[White "Pezzaldi, Roberto"]
[Black "Cellucci, Alessandro"]
[Result "1/2-1/2"]
[WhiteElo "2095"]
[BlackElo "1870"]
[PlyCount "73"]
[EventDate "1998.??.??"]

1. c4 g6 2. Nc3 Bg7 3. Nf3 d6 4. g3 f5 5. d4 Nf6 6. Bg2 O-O 7. O-O Nc6 8. d5
Ne5 9. Nxe5 dxe5 10. e4 f4 11. gxf4 exf4 12. e5 Ng4 13. e6 Ne5 14. c5 f3 15.
Bh3 Qe8 16. Qa4 Qxa4 17. Nxa4 Nd3 18. Bg5 Nf4 19. Bg4 h5 20. Bxe7 hxg4 21. Bxf8
Kxf8 22. Rfd1 b6 23. Rac1 Ne2+ 24. Kh1 Nxc1 25. Rxc1 b5 26. Nc3 Bxc3 27. Rxc3
Ke7 28. Re3 Rb8 29. h3 Bb7 30. c6 Bxc6 31. dxc6 Rh8 32. Rd3 Rxh3+ 33. Kg1 Rh6
34. Rd7+ Kxe6 35. Rxc7 Kd6 36. Rxa7 Kxc6 37. a4 1/2-1/2

[Event "Festival INPS"]
[Site "Roma ITA"]
[Date "1998.??.??"]
[Round "5"]
[White "Pienabarca, Nicola"]
[Black "Farina, Saverio"]
[Result "1/2-1/2"]
[WhiteElo "2060"]
[BlackElo "2200"]
[PlyCount "67"]
[EventDate "1998.??.??"]

1. d4 d5 2. Nf3 c5 3. Bf4 Nf6 4. e3 Nc6 5. Nc3 Qa5 6. Qd2 Bf5 7. Nb5 Qxd2+ 8.
Kxd2 Rc8 9. dxc5 Ne4+ 10. Ke1 e6 11. Nfd4 Bxc5 12. Nxf5 exf5 13. Nc7+ Kf8 14.
Nxd5 Nb4 15. Nxb4 Bxb4+ 16. c3 Nxc3 17. a3 Ba5 18. b4 Bc7 19. Bxc7 Rxc7 20. Bd3
g6 21. Rc1 Kg7 22. Kd2 Rhc8 23. Rc2 Ne4+ 24. Bxe4 fxe4 25. Rhc1 Rd7+ 26. Ke2
Rxc2+ 27. Rxc2 Kf6 28. Rc4 Ke5 29. f3 f5 30. fxe4 fxe4 31. Rc5+ Ke6 32. Rc4 Ke5
33. Rc5+ Ke6 34. Rc4 1/2-1/2

[Event "Festival INPS"]
[Site "Roma ITA"]
[Date "1998.??.??"]
[Round "5"]
[White "Puliatti, Carlo"]
[Black "Manzanilla, Rufino"]
[Result "0-1"]
[WhiteElo "1797"]
[BlackElo "1726"]
[PlyCount "80"]
[EventDate "1998.??.??"]

1. e4 e6 2. d4 d5 3. Nc3 dxe4 4. Nxe4 Nd7 5. Nf3 Be7 6. Bd3 b6 7. Qe2 Bb7 8. c3
Ngf6 9. Nxf6+ Bxf6 10. Be3 Qe7 11. O-O O-O 12. Rfe1 Rfe8 13. a4 a6 14. a5 b5
15. Bf4 c5 16. Be4 Bxe4 17. Qxe4 c4 18. Ne5 Bxe5 19. Bxe5 Nf6 20. Qh4 Nd5 21.
Qg3 f6 22. Bd6 Qd7 23. Re2 Rac8 24. Rae1 Rc6 25. Ba3 b4 26. cxb4 c3 27. Rc2
Rec8 28. Rec1 cxb2 29. Rxc6 Rxc6 30. Bxb2 Qc8 31. Rxc6 Qxc6 32. Qb8+ Kf7 33.
Qa7+ Kg6 34. Qc5 Qa4 35. g3 Qd1+ 36. Kg2 Qe2 37. Qc1 Nxb4 38. Qb1+ Nd3 39. Bc3
Qxf2+ 40. Kh3 Qf5+ 0-1

[Event "Festival INPS"]
[Site "Roma ITA"]
[Date "1998.??.??"]
[Round "5"]
[White "Ragonese, Lucio Rosario"]
[Black "Trebeschi, Andrea"]
[Result "1/2-1/2"]
[WhiteElo "1995"]
[BlackElo "1759"]
[PlyCount "100"]
[EventDate "1998.??.??"]

1. d4 d6 2. Nf3 Nf6 3. Bg5 Nbd7 4. Nbd2 g6 5. e3 Bg7 6. Bc4 O-O 7. O-O c5 8. c3
b6 9. Qb3 Bb7 10. Rfe1 Ne4 11. Nxe4 Bxe4 12. Rad1 h6 13. Bh4 Bb7 14. Qc2 Kh7
15. Bd3 Rc8 16. Bg3 c4 17. Be2 Nf6 18. Nd2 b5 19. e4 d5 20. Bf3 dxe4 21. Nxe4
Nxe4 22. Bxe4 Bxe4 23. Qxe4 e6 24. Re3 Qb6 25. Bf4 Qc6 26. Qc2 Rcd8 27. Rh3 Rh8
28. Qc1 h5 29. Re1 Rd5 30. Rhe3 Rhd8 31. Be5 Bxe5 32. Rxe5 Rxe5 33. Rxe5 Rd5
34. Qf4 Kg7 35. f3 Qd6 36. Qe4 Rxe5 37. Qxe5+ Qxe5 38. dxe5 g5 39. Kf2 Kg6 40.
Ke3 Kf5 41. Kd4 h4 42. Kc5 Kxe5 43. Kxb5 Kd5 44. b4 f5 45. Ka6 e5 46. Kxa7 e4
47. b5 e3 48. b6 e2 49. b7 e1=Q 50. b8=Q Qxc3 1/2-1/2

[Event "Festival INPS"]
[Site "Roma ITA"]
[Date "1998.??.??"]
[Round "5"]
[White "Satta, Vladimiro"]
[Black "Quimi, Marco"]
[Result "0-1"]
[WhiteElo "2230"]
[BlackElo "2225"]
[PlyCount "92"]
[EventDate "1998.??.??"]

1. g3 d5 2. Nf3 Bf5 3. Bg2 Nf6 4. b3 e6 5. O-O Bc5 6. Bb2 h6 7. d4 Be7 8. c4 c6
9. Nc3 O-O 10. Ne5 Nbd7 11. Nxd7 Qxd7 12. f3 Rfd8 13. e4 Bg6 14. cxd5 cxd5 15.
e5 Ne8 16. Qe2 Nc7 17. f4 Rdc8 18. g4 Bb4 19. Rac1 Bh7 20. Rf3 Ba5 21. Rh3 Bb6
22. Rd1 Bg6 23. Rg3 Ba5 24. Na4 Na6 25. Nc3 Bxc3 26. Bxc3 Rc7 27. Qe3 Rac8 28.
Bd2 Rc2 29. Rf1 Rxa2 30. f5 Rcc2 31. fxg6 Rxd2 32. Rxf7 Qd8 33. Rgf3 Rxg2+ 34.
Kh1 Rxh2+ 35. Kg1 Rhg2+ 36. Kf1 Rgc2 37. Kg1 Ra1+ 38. Rf1 Rxf1+ 39. Rxf1 Qh4
40. Qf4 Qe7 41. Rf3 Qe8 42. g5 Qxg6 43. Rg3 Qh5 44. gxh6 Qh2+ 45. Kf1 Qe2+ 46.
Kg1 Qe1+ 0-1

[Event "Festival INPS"]
[Site "Roma ITA"]
[Date "1998.??.??"]
[Round "5"]
[White "Simeone, Giulio"]
[Black "Marzano, Carlo"]
[Result "0-1"]
[WhiteElo "1717"]
[BlackElo "2185"]
[PlyCount "82"]
[EventDate "1998.??.??"]

1. c4 e5 2. Nc3 Nc6 3. Nf3 g6 4. e3 Bg7 5. d4 d6 6. dxe5 Nxe5 7. Nxe5 Bxe5 8.
Be2 Ne7 9. Qb3 O-O 10. O-O Rb8 11. Rd1 Be6 12. e4 Nc6 13. Be3 b5 14. f4 Bg7 15.
e5 bxc4 16. Qa3 Qe8 17. exd6 cxd6 18. Rxd6 Nb4 19. Rd2 Bf5 20. Bc5 Nc2 21. Rxc2
Bxc2 22. Bxf8 Qe3+ 23. Kh1 Bxf8 24. Qa6 Rxb2 25. Qxc4 Rb4 26. Qc6 Rxf4 27. Bf3
Qc5 28. Qxc5 Bxc5 29. Nd5 Ra4 30. Nc3 Ra5 31. Rc1 Bf5 32. g4 Be6 33. Ne4 Be7
34. Rc7 Bd8 35. Rc2 Rxa2 36. Rc3 Kg7 37. Rd3 Bc7 38. Rc3 Rxh2+ 39. Kg1 Be5 40.
Ra3 Rb2 41. Kf1 Bc4+ 0-1

[Event "Festival INPS"]
[Site "Roma ITA"]
[Date "1998.??.??"]
[Round "5"]
[White "Simeoni, Matteo"]
[Black "Marta, Daniele"]
[Result "1-0"]
[WhiteElo "2035"]
[BlackElo "1888"]
[PlyCount "55"]
[EventDate "1998.??.??"]

1. e4 e6 2. d4 d5 3. Nc3 Bb4 4. Bd3 Nf6 5. Bg5 dxe4 6. Bxe4 Be7 7. Bd3 Nc6 8.
Nf3 Nb4 9. O-O Nxd3 10. Qxd3 O-O 11. Rfe1 b6 12. Rad1 Bb7 13. Ne5 c5 14. dxc5
Bxc5 15. Qg3 Qe7 16. Rd7 Qxd7 17. Nxd7 Nxd7 18. Rd1 Bc6 19. Bh6 g6 20. Bxf8
Nxf8 21. Qc7 Bd5 22. Nxd5 exd5 23. Rxd5 Re8 24. Kf1 Ne6 25. Qxa7 Nf4 26. Rd7
Re2 27. Qb8+ Kg7 28. Qxf4 1-0

[Event "Festival INPS"]
[Site "Roma ITA"]
[Date "1998.??.??"]
[Round "5"]
[White "Tosi, Francesco"]
[Black "Martelli, Andrea"]
[Result "1-0"]
[WhiteElo "1883"]
[BlackElo "1770"]
[PlyCount "119"]
[EventDate "1998.??.??"]

1. Nf3 e6 2. d4 d5 3. Bf4 c5 4. c3 Qb6 5. Qb3 Qxb3 6. axb3 Nc6 7. e3 cxd4 8.
exd4 Nf6 9. b4 Nh5 10. Bc1 Bd6 11. h4 O-O 12. Nbd2 f6 13. Nb3 e5 14. Be2 exd4
15. Nbxd4 Nxd4 16. Nxd4 Nf4 17. Bxf4 Bxf4 18. Bf3 Rd8 19. Ra5 Kf8 20. Rxd5 Bd7
21. O-O Be5 22. Rd1 Ke7 23. Nb3 Bc6 24. Rxd8 Rxd8 25. Rxd8 Kxd8 26. Bxc6 bxc6
27. Kf1 Kc7 28. Ke2 Kb6 29. Kd3 f5 30. h5 g6 31. hxg6 hxg6 32. Kc4 Bf6 33. f3
Be7 34. Nd4 Bd6 35. b3 Be5 36. Ne6 Bh2 37. Kd4 Bg3 38. Nf8 g5 39. Ne6 g4 40. f4
Be1 41. Ng7 Bg3 42. Nh5 Be1 43. Ng7 Bg3 44. Nxf5 Bxf4 45. Ne3 g3 46. Ke4 Bb8
47. c4 a5 48. bxa5+ Kxa5 49. Nc2 Bd6 50. Kd4 Be7 51. Ke5 Bf8 52. Ke6 c5 53. Kd7
Bg7 54. Kc6 Bf8 55. Kd5 Be7 56. Ne3 Kb4 57. Nf5 Bf8 58. Nxg3 Kxb3 59. Nf5 Kc3
60. g4 1-0

[Event "Festival INPS"]
[Site "Roma ITA"]
[Date "1998.??.??"]
[Round "6"]
[White "Bellincampi, Stefano"]
[Black "De Vita, Igor"]
[Result "1/2-1/2"]
[WhiteElo "2065"]
[BlackElo "2125"]
[PlyCount "30"]
[EventDate "1998.??.??"]

1. e4 Nf6 2. e5 Nd5 3. d4 d6 4. c4 Nb6 5. exd6 cxd6 6. d5 e5 7. Nc3 Be7 8. Bd3
N8d7 9. b3 Nf6 10. Nge2 O-O 11. O-O Ne8 12. Be3 f5 13. f4 g5 14. g3 Kh8 15. Kh1
Ng7 1/2-1/2

[Event "Festival INPS"]
[Site "Roma ITA"]
[Date "1998.??.??"]
[Round "6"]
[White "Campomori, Bruno"]
[Black "Spano' Cuomo, Gaetano"]
[Result "1-0"]
[WhiteElo "1826"]
[BlackElo "1866"]
[PlyCount "55"]
[EventDate "1998.??.??"]

1. e4 e5 2. Nf3 d6 3. h3 c5 4. c3 Be7 5. d4 Qc7 6. Na3 a6 7. Be3 Nf6 8. dxe5
dxe5 9. Nc4 Nc6 10. Bg5 O-O 11. Qc2 Be6 12. Ne3 Rfd8 13. Bxf6 Bxf6 14. Be2 Ne7
15. Bc4 Bxc4 16. Nxc4 Ng6 17. Ne3 Nf4 18. O-O c4 19. a4 Be7 20. Kh2 Bc5 21.
Nxc4 Bxf2 22. Qxf2 Nd3 23. Qh4 Qxc4 24. Ng5 f6 25. Qxh7+ Kf8 26. Rad1 Nxb2 27.
Rd5 Rxd5 28. Rxf6+ 1-0

[Event "Festival INPS"]
[Site "Roma ITA"]
[Date "1998.??.??"]
[Round "6"]
[White "Cellucci, Alessandro"]
[Black "Simeoni, Matteo"]
[Result "0-1"]
[WhiteElo "1870"]
[BlackElo "2035"]
[PlyCount "120"]
[EventDate "1998.??.??"]

1. e4 c5 2. Nf3 d6 3. d4 cxd4 4. Nxd4 Nf6 5. Nc3 a6 6. Bc4 e6 7. Bb3 b5 8. f4
b4 9. Na4 Nxe4 10. O-O Bb7 11. f5 e5 12. Ne6 Qa5 13. Be3 Nd7 14. Qh5 d5 15.
Nxf8 Rxf8 16. Qh3 Bc6 17. a3 d4 18. axb4 Qxb4 19. Bf2 Ndf6 20. Be1 Qb7 21. Ba5
Rb8 22. Rfe1 Nd7 23. Qd3 Qb5 24. Bc7 Qxd3 25. cxd3 Rxb3 26. dxe4 Ke7 27. Rec1
Bxe4 28. Nc5 Nxc5 29. Rxc5 Bb7 30. Bxe5 Rd8 31. Re1 Kf8 32. Re2 Rb5 33. Rc7 d3
34. Rd2 Rxe5 35. Rxb7 a5 36. Rb3 Red5 37. g4 Ke7 38. Kf2 h5 39. h3 hxg4 40.
hxg4 Kf6 41. Kf3 Ke5 42. Ke3 Rd4 43. Kf3 Rf4+ 44. Kg3 Ke4 45. Rc3 Ke3 46.
Rdxd3+ Rxd3 47. Rxd3+ Kxd3 48. Kxf4 Kc2 49. Ke5 Kxb2 50. Kd6 a4 51. Ke7 f6 52.
Kf7 a3 53. Kxg7 a2 54. Kxf6 a1=Q 55. g5 Kb3+ 56. Kf7 Qe5 57. Kg6 Qe8+ 58. Kg7
Qe5+ 59. Kg6 Kc4 60. f6 Kd5 0-1

[Event "Festival INPS"]
[Site "Roma ITA"]
[Date "1998.??.??"]
[Round "6"]
[White "De Blasio, Alessandro"]
[Black "Pezzaldi, Roberto"]
[Result "0-1"]
[WhiteElo "1714"]
[BlackElo "2095"]
[PlyCount "102"]
[EventDate "1998.??.??"]

1. e4 e6 2. d4 d5 3. Nd2 c5 4. exd5 Qxd5 5. Ngf3 cxd4 6. Bc4 Qd6 7. Nb3 Nc6 8.
O-O Nf6 9. Nbxd4 Nxd4 10. Nxd4 a6 11. c3 Qc7 12. Qa4+ Bd7 13. Bb5 Bd6 14. Bxd7+
Nxd7 15. Nf3 O-O-O 16. b4 Kb8 17. Be3 Nb6 18. Bxb6 Qxb6 19. Rab1 Qb5 20. Qxb5
axb5 21. Nd4 Be5 22. Nxb5 Rc8 23. Rfd1 Bxc3 24. Nd6 Rc7 25. Rdc1 Bf6 26. Rxc7
Kxc7 27. Rd1 Rd8 28. Nb5+ Kc6 29. Rxd8 Bxd8 30. a4 Be7 31. Kf1 Bxb4 32. Ke2 Kb6
33. Kd3 Ka5 34. Kc4 Kxa4 35. h4 Be1 36. Nd6 Bxf2 37. Nxb7 Bxh4 38. Nd6 f5 39.
Ne8 Bf6 40. Nc7 e5 41. Nd5 e4 42. g3 Be5 43. Ne3 g6 44. Nf1 Bb8 45. Kd4 Ba7+
46. Kc4 Bf2 47. Kc3 Kb5 48. Kd2 Kc4 49. Ke2 e3 50. Nxe3+ Bxe3 51. Kxe3 g5 0-1

[Event "Festival INPS"]
[Site "Roma ITA"]
[Date "1998.??.??"]
[Round "6"]
[White "De Vita, Gianni"]
[Black "Simeone, Giulio"]
[Result "1-0"]
[WhiteElo "2160"]
[BlackElo "1717"]
[PlyCount "37"]
[EventDate "1998.??.??"]

1. e4 c6 2. d4 d5 3. Nd2 dxe4 4. Nxe4 g6 5. Nf3 Bg7 6. Bc4 Nh6 7. h4 Nf5 8. h5
Nd6 9. h6 Bf8 10. Qe2 Nxe4 11. Qxe4 Qa5+ 12. Bd2 Bf5 13. Qf4 Qb6 14. O-O-O f6
15. Rhe1 Na6 16. g4 Bd7 17. Qxf6 Bxg4 18. Bf7+ Kd8 19. Qxh8 1-0

[Event "Festival INPS"]
[Site "Roma ITA"]
[Date "1998.??.??"]
[Round "6"]
[White "Lantini, Marco"]
[Black "Satta, Vladimiro"]
[Result "0-1"]
[WhiteElo "2180"]
[BlackElo "2230"]
[PlyCount "80"]
[EventDate "1998.??.??"]

1. e4 d6 2. d4 Nf6 3. f3 c6 4. c4 Nbd7 5. Nc3 e5 6. Be3 Be7 7. Nge2 O-O 8. Qd2
a6 9. O-O-O b5 10. d5 b4 11. Na4 cxd5 12. cxd5 Qa5 13. b3 Ne8 14. g4 Nc5 15.
Nxc5 dxc5 16. Ng3 Nd6 17. Rg1 Rd8 18. Nh5 Rb8 19. Bg5 f6 20. Bh6 c4 21. bxc4
Qa3+ 22. Qb2 Qxb2+ 23. Kxb2 gxh6 24. c5 Nb5 25. d6 Bf8 26. Bc4+ Kh8 27. Nxf6
Bg7 28. Nh5 Nc3 29. Nxg7 Nxd1+ 30. Rxd1 Kxg7 31. Rd5 Be6 32. Rxe5 Bxc4 33. Re7+
Kf8 34. Rxh7 Rbc8 35. Rxh6 Rxc5 36. f4 Ra5 37. Rh8+ Bg8 38. g5 Rxa2+ 39. Kb1 b3
40. f5 Kg7 0-1

[Event "Festival INPS"]
[Site "Roma ITA"]
[Date "1998.??.??"]
[Round "6"]
[White "Manzanilla, Rufino"]
[Black "Ragonese, Lucio Rosario"]
[Result "1-0"]
[WhiteElo "1726"]
[BlackElo "1995"]
[PlyCount "65"]
[EventDate "1998.??.??"]

1. Nf3 d5 2. b4 Nf6 3. Bb2 Bf5 4. e3 e6 5. a3 Bd6 6. d3 Nbd7 7. Nbd2 c6 8. Be2
Rc8 9. c4 Bb8 10. Qb3 O-O 11. h3 e5 12. O-O Qc7 13. d4 e4 14. Ne5 Nxe5 15. dxe5
Nd7 16. f4 Be6 17. Qc2 f6 18. cxd5 Bxd5 19. Nxe4 Bxe4 20. Qxe4 fxe5 21. Bd3 Nf6
22. Qc4+ Kh8 23. fxe5 Nd5 24. Qh4 g6 25. Bxg6 Kg8 26. Bf5 Rce8 27. Rf3 Rf7 28.
Rg3+ Kf8 29. Rf1 Ree7 30. Qh6+ Rg7 31. Bxh7+ Ke8 32. Rxg7 Rxg7 33. Bg6+ 1-0